000 00829nam a2200229 i 4500
001 128814
003 ES-MaACL
005 20250828032707.0
007 t|
008 070528s19721973sp ||||1| spa d
080 _a37.012
080 _a37.015.3
245 0 0 _aTaxonomía de los objetivos de la educación
_b: clasificación de las metas educativas /
_cBenjamín S. Bloom, Max D. Engelhart, Edward J. Furst ; versión de Isaías Acarreta Arnedo.
260 _aAlcoy :
_bMarfil,
_c1972-73.
300 _a2 v. ;
_c21 cm.
505 8 _aContiene: v. I.-- Ámbito del conocimiento.-- v. II.--Ámbito de la afectividad
650 4 _aEducación-
_xFines y objetivos
_912081
700 1 _aBloom, Benjamin S.
_929558
700 1 _aAcarreta Arnedo, Isaías,
_918202
852 _aES-MaACL
_jC-52086-87
999 _c128814
_d128814